[Event "FRA-ch U14 Girls"]
[Site "Belfort"]
[Date "2017.04.20"]
[Round "6.2"]
[White "Djidjeli, Sarah"]
[Black "Thomas, Amaryllis"]
[Result "1-0"]
[WhiteElo "1934"]
[BlackElo "1695"]
[PlyCount "77"]
[EventDate "2017.04.16"]
[EventType "swiss"]
[EventRounds "9"]
[EventCountry "FRA"]
[SourceTitle "EXT 2019"]
[Source "ChessBase"]
[SourceDate "2018.10.10"]
[SourceVersion "1"]
[SourceVersionDate "2018.10.10"]
[SourceQuality "1"]

1. e4 e5 2. Nf3 Nc6 3. Nc3 Nf6 4. d4 exd4 5. Nxd4 Bb4 6. Nxc6 bxc6 7. Bd3 d5 8. exd5 cxd5 9. 0-0 0-0 10. Bg5 c6 11. Qf3 Be7 12. Rae1 Be6 13. Na4 Qa5 14. b3 c5 15. Bf5 Ne4 16. Bxe7 Nd2 17. Bxh7+ Kxh7 18. Qh5+ Kg8 19. Bxf8 Rxf8 20. Re3 Nxf1 21. Kxf1 Re8 22. Qe2 d4 23. Re5 Rc8 24. Rxe6 fxe6 25. Qxe6+ Kh7 26. Qf5+ g6 27. Qxc8 Qd2 28. Qh3+ Kg7 29. Qd3 Qc1+ 30. Ke2 Qg5 31. Qg3 Qe7+ 32. Kd2 c4 33. Qf4 Qd8 34. Qe5+ Kh6 35. bxc4 Qh4 36. Qh8+ Kg5 37. Qxh4+ Kxh4 38. c5 g5 39. c6 1-0

[Event "FRA-chT U20 Top"]
[Site "Bischwiller"]
[Date "2016.05.14"]
[Round "1"]
[White "Thomas, Amaryllis"]
[Black "Pelopidas, Florian"]
[Result "1-0"]
[WhiteElo "1563"]
[BlackElo "1534"]
[PlyCount "69"]
[EventDate "2016.05.14"]
[EventType "tourn"]
[EventRounds "11"]
[EventCountry "FRA"]
[SourceTitle "EXT 2019"]
[Source "ChessBase"]
[SourceDate "2018.10.10"]
[SourceVersion "1"]
[SourceVersionDate "2018.10.10"]
[SourceQuality "1"]

1. e4 c5 2. Nf3 d6 3. c3 Nf6 4. Bd3 g6 5. Bc2 Bg7 6. d4 0-0 7. h3 Nbd7 8. Be3 b6 9. Qd2 Bb7 10. d5 b5 11. Bh6 Qc7 12. Bxg7 Kxg7 13. Qe2 a6 14. Nbd2 Nb6 15. h4 Qd7 16. 0-0-0 Rac8 17. h5 Qg4 18. hxg6 fxg6 19. Rh4 Qd7 20. Qe3 Rh8 21. Qh6+ Kg8 22. Ng5 Ng4 23. Rxg4 Qxg4 24. Ne6 Kf7 25. Qg7+ Ke8 26. Qxh8+ Kd7 27. Qxh7 Qxg2 28. Qf7 Re8 29. Nf8+ Kd8 30. Nxg6 Bc8 31. f4 Bg4 32. Re1 Qg3 33. Rh1 Qg2 34. Qh7 Bf5 35. exf5 1-0

[Event "FRA-ch U12 Girls"]
[Site "Gonfreville"]
[Date "2016.??.??"]
[Round "8"]
[White "Favarel Lubeigt, Helina"]
[Black "Thomas, Amaryllis"]
[Result "1-0"]
[WhiteElo "1405"]
[BlackElo "1648"]
[PlyCount "77"]
[EventDate "2016.04.22"]
[EventType "swiss"]
[EventRounds "9"]
[EventCountry "FRA"]
[SourceTitle "EXT 2019"]
[Source "ChessBase"]
[SourceDate "2018.10.10"]
[SourceVersion "1"]
[SourceVersionDate "2018.10.10"]
[SourceQuality "1"]

1. d4 Nf6 2. c4 g6 3. Nc3 d5 4. cxd5 Nxd5 5. e4 Nxc3 6. bxc3 c5 7. Bc4 Bg7 8. Ne2 Nc6 9. Be3 cxd4 10. cxd4 0-0 11. 0-0 Bg4 12. f3 Bd7 13. Rb1 Rb8 14. Qd2 e5 15. d5 Ne7 16. Bxa7 Ra8 17. Be3 Qb8 18. Qb4 Re8 19. Qxb7 Qd6 20. Qb6 Qxb6 21. Rxb6 Nc8 22. Rb2 Nd6 23. Bd3 Ra3 24. Bc5 Rxd3 25. Bxd6 Re3 26. Rd1 Rc8 27. Kf2 Ba4 28. Kxe3 Bxd1 29. Rb8 Rxb8 30. Bxb8 f6 31. Nc3 Bxf3 32. Kxf3 Bh6 33. d6 Kf7 34. Nd5 Ke6 35. Bc7 Bg7 36. Nb6 f5 37. d7 fxe4+ 38. Kxe4 Bf6 39. a4 1-0

[Event "FRA-ch U12 Girls"]
[Site "Gonfreville"]
[Date "2016.??.??"]
[Round "4"]
[White "Ginovart, Camille"]
[Black "Thomas, Amaryllis"]
[Result "1-0"]
[WhiteElo "1501"]
[BlackElo "1648"]
[PlyCount "47"]
[EventDate "2016.04.22"]
[EventType "swiss"]
[EventRounds "9"]
[EventCountry "FRA"]
[SourceTitle "EXT 2019"]
[Source "ChessBase"]
[SourceDate "2018.10.10"]
[SourceVersion "1"]
[SourceVersionDate "2018.10.10"]
[SourceQuality "1"]

1. e4 e5 2. Nf3 Nc6 3. Bb5 a6 4. Ba4 d6 5. h3 Bd7 6. 0-0 Nge7 7. Nc3 Ng6 8. Nd5 Nf4 9. d4 g5 10. dxe5 dxe5 11. b4 b5 12. Bb3 Bd6 13. Bb2 Rg8 14. Qd2 g4 15. Nxe5 Nxh3+ 16. gxh3 gxh3+ 17. Kh1 Nxe5 18. Qf4 Ng4 19. Nxc7+ Qxc7 20. Qxf7+ Kd8 21. Qxg8+ Ke7 22. Qxa8 Bc6 23. Qg8 Bxe4+ 24. f3 1-0

[Event "FRA-ch U12 Girls"]
[Site "Pau"]
[Date "2015.05.02"]
[Round "8"]
[White "Tomasi, Elise"]
[Black "Thomas, Amaryllis"]
[Result "1-0"]
[WhiteElo "1565"]
[BlackElo "1422"]
[PlyCount "71"]
[EventDate "2015.04.26"]
[EventType "swiss"]
[EventRounds "9"]
[EventCountry "FRA"]
[SourceTitle "CBM 166 Extra"]
[Source "ChessBase"]
[SourceDate "2015.06.18"]
[SourceVersion "1"]
[SourceVersionDate "2015.06.18"]
[SourceQuality "1"]

1. e4 e5 2. Nc3 Nf6 3. Nf3 Nc6 4. Bb5 Bb4 5. 0-0 0-0 6. d3 d6 7. Bxc6 bxc6 8. Ne2 Bg4 9. Ng3 Bc5 10. h3 Bd7 11. c3 Re8 12. Re1 h6 13. Be3 Bxe3 14. Rxe3 c5 15. Qc2 Qb8 16. Rd1 Qb7 17. Nh4 Rab8 18. b3 d5 19. Rf3 d4 20. c4 Nh7 21. Ngf5 Qc8 22. Rg3 Ng5 23. Qe2 Rb6 24. Qh5 Ra6 25. Rf1 Ree6 26. f4 exf4 27. Rxf4 Rxa2 28. Nxh6+ gxh6 29. Qxf7+ Kh8 30. Ng6+ Rxg6 31. Qxg6 Ra1+ 32. Kh2 Ra6 33. Qh5 Qg8 34. h4 Nf3+ 35. Rfxf3 Qd8 36. Qe5+ 1-0

[Event "FRA-ch U12 Girls"]
[Site "Pau"]
[Date "2015.05.01"]
[Round "7"]
[White "Thomas, Amaryllis"]
[Black "Djidjeli, Sarah"]
[Result "1-0"]
[WhiteElo "1422"]
[BlackElo "1380"]
[PlyCount "115"]
[EventDate "2015.04.26"]
[EventType "swiss"]
[EventRounds "9"]
[EventCountry "FRA"]
[SourceTitle "CBM 166 Extra"]
[Source "ChessBase"]
[SourceDate "2015.06.18"]
[SourceVersion "1"]
[SourceVersionDate "2015.06.18"]
[SourceQuality "1"]

1. e4 c6 2. d4 d5 3. Nc3 dxe4 4. Nxe4 Bf5 5. Ng3 Bg6 6. Nf3 Nd7 7. Bd3 Bxd3 8. Qxd3 e6 9. Bf4 Ngf6 10. 0-0 Nd5 11. Bd2 Bd6 12. Ne4 Bc7 13. Qb3 Rb8 14. c4 N5f6 15. Bg5 h6 16. Bh4 b6 17. Rad1 0-0 18. d5 exd5 19. cxd5 cxd5 20. Rxd5 Qe8 21. Nxf6+ Nxf6 22. Bxf6 gxf6 23. Qc3 Qe6 24. Rh5 Bf4 25. g3 Rbc8 26. Qe1 Qxe1 27. Rxe1 Bc1 28. Re4 Rfe8 29. Ra4 a5 30. b3 Rc2 31. Nd4 Rd2 32. Nf5 Re1+ 33. Kg2 Ree2 34. Nxh6+ Kf8 35. Rf4 Rd6 36. Rf3 Rxa2 37. Nf5 Ke8 38. Nxd6+ Ke7 39. Nc8+ Ke6 40. Nxb6 Bg5 41. h4 Bd2 42. Nc4 Bb4 43. Rhf5 Bc3 44. Rb5 Bb4 45. Rb6+ Ke7 46. Rbxf6 Rc2 47. Rxf7+ Ke8 48. Ra7 Ra2 49. Rf5 Kd8 50. Rg5 Re2 51. Rg8+ Re8 52. Ra8+ Kd7 53. Rgxe8 Kc6 54. Nxa5+ Kc5 55. Rab8 Bc3 56. Rec8+ Kd4 57. Rxc3 Kxc3 58. Nc4 1-0

[Event "FRA-chT U20"]
[Site "Colmar"]
[Date "2013.12.08"]
[Round "?"]
[White "Decuigniere, Tom"]
[Black "Thomas, Amaryllis"]
[Result "1-0"]
[WhiteElo "1448"]
[BlackElo "1317"]
[PlyCount "127"]
[EventDate "2013.12.07"]
[EventType "swiss"]
[EventRounds "6"]
[EventCountry "FRA"]
[SourceTitle "EXT 2015"]
[Source "ChessBase"]
[SourceDate "2014.11.20"]
[SourceVersion "1"]
[SourceVersionDate "2014.11.20"]
[SourceQuality "1"]

1. e4 e5 2. Nc3 Nf6 3. f4 d5 4. fxe5 Nxe4 5. Qf3 Nxc3 6. dxc3 Bc5 7. Bd3 Nc6 8. Bf4 Be6 9. Ne2 Qd7 10. h3 0-0-0 11. 0-0-0 h6 12. Kb1 g5 13. Bg3 Qe7 14. Rhe1 Bd7 15. Bb5 Nxe5 16. Bxe5 Qxe5 17. Rxd5 Qe7 18. Bxd7+ Rxd7 19. Rxd7 Qxd7 20. Rf1 Rf8 21. Qf6 Qd2 22. Qf3 f5 23. Ng3 f4 24. Ne4 Qe3 25. Qg4+ Kb8 26. Nxc5 Qxc5 27. Qh5 Qc6 28. Re1 a6 29. Rg1 f3 30. gxf3 Qxf3 31. Qxf3 Rxf3 32. Rh1 Kc8 33. Kc1 h5 34. Kd2 Kd7 35. Ke2 Rg3 36. h4 Ke6 37. hxg5 Rxg5 38. Kf3 Kf5 39. Rd1 Rg7 40. Rh1 Rh7 41. Rh4 b6 42. Kg3 Rg7+ 43. Kf3 Kg5 44. Rh1 Rf7+ 45. Kg3 Rf4 46. Rxh5+ Kxh5 47. Kxf4 Kg6 48. Ke5 Kf7 49. Kd5 Ke7 50. Kc6 Kd8 51. a4 a5 52. b4 axb4 53. cxb4 Kc8 54. b5 Kb8 55. Kd7 Kb7 56. c4 Kb8 57. Kc6 Kc8 58. c5 bxc5 59. Kxc5 Kb7 60. a5 Ka7 61. Kc6 Kb8 62. a6 Ka8 63. Kxc7 Ka7 64. b6+ 1-0

[Event "FRA-chT U20"]
[Site "Colmar"]
[Date "2013.12.07"]
[Round "?"]
[White "Thomas, Amaryllis"]
[Black "Meyer, Nicolas"]
[Result "1-0"]
[WhiteElo "1317"]
[BlackElo "1300"]
[PlyCount "83"]
[EventDate "2013.12.07"]
[EventType "swiss"]
[EventRounds "6"]
[EventCountry "FRA"]
[SourceTitle "EXT 2015"]
[Source "ChessBase"]
[SourceDate "2014.11.20"]
[SourceVersion "1"]
[SourceVersionDate "2014.11.20"]
[SourceQuality "1"]

1. e4 e5 2. Nf3 Nc6 3. d4 exd4 4. Nxd4 Bc5 5. Be3 Qf6 6. c3 Nge7 7. Be2 0-0 8. 0-0 d6 9. Nb5 Bb6 10. Bxb6 cxb6 11. Qxd6 Qxd6 12. Nxd6 Rd8 13. Rd1 Be6 14. Na3 Rd7 15. b3 Rad8 16. Ndb5 a6 17. Rxd7 Rxd7 18. f4 axb5 19. f5 Nxf5 20. exf5 Bxf5 21. Bxb5 Rd2 22. Nc4 Rd5 23. Bxc6 bxc6 24. Nxb6 Rc5 25. Rd1 g5 26. Na4 h5 27. Nxc5 Kg7 28. a4 Bc2 29. Rd6 Bg6 30. a5 Bh7 31. a6 Kg8 32. a7 Kg7 33. a8Q Bg6 34. Qb7 Bh7 35. Rd7 Bg6 36. Ne6+ Kh6 37. Nf8 Kg7 38. Nxg6 Kxg6 39. Rxf7 c5 40. Qe7 h4 41. h3 g4 42. Qf6+ 1-0